| 000 | 02600cam a22005894i 4500 | ||
|---|---|---|---|
| 003 | PE-LiUPU | ||
| 005 | 20250731170438.0 | ||
| 008 | 150625s1997 mx a r 000 0 spa d | ||
| 020 | _a0863777899 | ||
| 020 | _a9780863777899 | ||
| 035 | _a(Sirsi) i9780863777899 | ||
| 040 |
_aPE-LiUPU _bspa _cPE-LiUPU _dPE-LiUPU _erda |
||
| 049 | _aPRUA | ||
| 082 | 0 | 4 |
_a150.72 _bC68 _221 |
| 100 | 1 |
_aClark-Carter, David, _eautor. |
|
| 245 | 1 | 0 |
_aInvestigación cuantitativa en psicología : _bdel diseño experimental al reporte de investigación / _cDavid Clark-Carter. |
| 264 | 1 |
_aMéxico : _bOxford University Press, _c1997. |
|
| 300 |
_a652 páginas : _bilustraciones ; _c24 centímetros |
||
| 336 |
_atext _2rdacontent |
||
| 337 |
_aunmediated _2rdamedia |
||
| 338 |
_avolume _2rdacarrier |
||
| 505 | 0 | _aLos métodos usados en la investigación -- Las etapas preliminares de la investigación -- Las variables y la validez de los diseños de investigación -- Diseños de investigación y su validez interna -- Planeamiento de preguntas I : entrevistas y encuestas -- Planeamiento de preguntas II : medición de actitudes y significad -- Observación y análisis de contenido -- Escala de medición -- Resumen y descripción de datos -- Más allá de la descripción -- Muestras y poblaciones -- Análisis de diferencias entre una sola muestra y una población -- Tamaño del efecto y poder -- Pruebas parama métricas y no paramétricas -- Análisis de diferencias entre dos niveles de una variable independiente. | |
| 526 | _aSEG68 | ||
| 526 | _aSEG70 | ||
| 526 | _aSEG69 | ||
| 526 | _aSEG67 | ||
| 526 | _aSEG43 | ||
| 526 | _aP144 | ||
| 526 | _aP143 | ||
| 526 | _aP131 | ||
| 526 | _aP122 | ||
| 526 | _aP120 | ||
| 526 | _aP117 | ||
| 526 | _aP112 | ||
| 526 | _aP110 | ||
| 526 | _aP106 | ||
| 526 | _aP101 | ||
| 526 | _aP80 | ||
| 526 | _aP59 | ||
| 526 | _aP54 | ||
| 526 | _aP35 | ||
| 526 | _aP33 | ||
| 526 | _aP30 | ||
| 541 | _g0012-0003098; | ||
| 650 | 0 | 4 |
_aPsicología _xInvestigaciones _xMetodología. |
| 650 | 0 | 4 |
_aPsicología _xMétodos estadísticos. |
| 942 |
_2ddc _cBOOK |
||
| 949 |
_a150.72 C68 _wDEWEY _c1 _i55343 _d2016-10-4 _e2016-10-2 _lCCODEBUL1 _mBUL _n3 _p16.00 _r0 _sY _tBOOK _u2015-6-25 _xSALUD _PP33 _0COMPRA _o.STAFF. Colección Ciencias de la Salud |
||
| 994 |
_aC0 _bPEPRU |
||
| 596 | _a1 | ||
| 999 |
_a150.72 C68 _wDEWEY _c44252 _i55343 _d44252 _e2016-10-2 _f2021-11-3 _g5 _lCCODEBUL1 _mBUL _n3 _p16.00 _q3 _r0 _sY _tBOOK _u2015-6-25 _xSALUD _zP33 _0COMPRA _o.STAFF. Colección Ciencias de la Salud |
||
| 980 |
_81 _gALBERTO SANCHEZ Responsable de Automatización |
||